000 00857nmm a2200265 a 4500
001 ocm000660978
003 TR-IsHL
005 20201028142520.0
008 140104s2008 tu tur
007 cr cn
020 _a9789756358412
035 _a660978
_b(N$T)
050 0 4 _aDS51.T85
_bÖ9 2008
090 0 4 _aDS51.T85
_bÖ9 2008
100 1 _aÖz, Baki
245 1 0 _aDersim olayı
_h[electronic resource] /
_cBaki Öz
260 _aİstanbul :
_bCan Yayınları,
_c2008
300 _a208 p.
650 4 _aTarih
650 4 _aHistory
650 0 _aTürkiye
_x Doğu Anadolu bölgesi
_x Tunceli
_x Tarih
650 0 _aTurkey
_x East Anatolia
_x Tunceli
_x History
650 7 _aHISTORY / Middle East / Turkey & Ottoman Empire
_2bisacsh
856 4 0 _uhttp://search.ebscohost.com/login.aspx?direct=true&scope=site&db=e011xww&AN=660978
999 _c8396
_d8396